00487nam a2200193 u 45000010006000000050017000060080041000230350010000640350021000740400013000950410008001080800007001161000042001232450024001652500017001892600031002063000018002376500038002555577420260506072601.0960313s1972 spa  a55774 a(OCoLC)778159112 ccomduadb aspa aB/10aJaramillo Gonzalez, Gerardo4auteaut10aMonseñor Valencia a1. edición aBogotá :bStella,c1972. a366 páginas aValencia Cano, Gerardo, 1917-1972